00570nam a2200193 a 4500001001300000003000900013005001700022008004100039020001000080082001600090100002300106245007000129260003000199300000900229500003500238505001000273505007300283650002000356nice12345678IN_TiNIC20260116011552.0050524s1910 lona grp 000 0 ara  ac10000a954.75bMUH aMuhammad, Abdallah aZafarul-Walih Bi Muzzaffar Wa Alihb An Arabic History of Gujarat aLondonbJohn Murrayc1910 a390p aincludes index and biblioraphy2 aIndex2 aIndex00gV1.tZafarull-Walihbi Muzzaffar.--gV2.tZafarull-Walihbi M aGujarat-History